[Event "4NCL Division Three Knights"]
[Site "Warwick, ENG"]
[Date "2024.02.10"]
[Round "5.23"]
[White "Amato, Giampiero"]
[Black "Larchikov, Maksym"]
[Result "0-1"]
[WhiteElo "2046"]
[BlackElo "2119"]
[PlyCount "104"]
[EventDate "2024.02.10"]
[WhiteTeam "CSC/Kingston 2"]
[BlackTeam "Hull & East Riding Tigers"]

1. e4 c6 2. c4 d5 3. cxd5 cxd5 4. exd5 Nf6 5. Nc3 Nxd5 6. Nf3 Nc6 7. Bb5 Nxc3
8. bxc3 Bd7 9. O-O e6 10. d4 Be7 11. Bd3 Bf6 12. Rb1 Qc7 13. Qe2 Ne7 14. c4 Bc6
15. Ba3 O-O 16. Ne5 Rad8 17. Nxc6 bxc6 18. Bc5 Rfe8 19. Rfd1 g6 20. Be4 Nf5 21.
Qf3 Bxd4 22. Bxc6 Bxc5 23. Bxe8 Rxe8 24. Rb7 Qe5 25. g4 Ne7 26. Rdd7 Qg5 27.
Rb5 Qc1+ 28. Kg2 Qxc4 29. Rb3 Qa4 30. Rc7 Bb6 31. Rb7 Qc6 32. a4 Qxf3+ 33. Rxf3
Bd4 34. Rd7 Bc5 35. Rc3 Bb4 36. Rc4 a5 37. Rf4 Kf8 38. h4 Rc8 39. Kg3 Rc3+ 40.
Kg2 Rc8 41. Ra7 Bd2 42. Rf3 Rc4 43. Rd3 Bb4 44. Rd8+ Kg7 45. f3 Nc6 46. Rc8 Ne5
47. Re8 Rc2+ 48. Kh3 Nd3 49. Rd7 Rd2 50. Rb7 Bd6 51. f4 Bxf4 52. g5 Ne5 0-1

[Event "4NCL Division Three Knights"]
[Site "Warwick, ENG"]
[Date "2024.02.10"]
[Round "5.24"]
[White "Hodge, Steve R"]
[Black "Way, Julian M"]
[Result "1/2-1/2"]
[WhiteElo "2042"]
[BlackElo "1975"]
[PlyCount "74"]
[EventDate "2024.02.10"]
[WhiteTeam "Hull & East Riding Tigers"]
[BlackTeam "CSC/Kingston 2"]

1. e4 e5 2. Nf3 Nc6 3. Bb5 a6 4. Ba4 d6 5. Bxc6+ bxc6 6. d4 exd4 7. Qxd4 Bb7 8.
O-O c5 9. Qd3 Nf6 10. Re1 Be7 11. Nc3 O-O 12. e5 Ng4 13. Bf4 dxe5 14. Nxe5 Nxe5
15. Qxd8 Nf3+ 16. gxf3 Bxd8 17. Ne4 Bxe4 18. fxe4 Bf6 19. Bxc7 Bxb2 20. Rab1
Rfc8 21. Rxb2 Rxc7 22. Rd1 Kf8 23. Rd6 Ke7 24. Rbb6 Rd7 25. Rdc6 Rd4 26. Rb7+
Rd7 27. Rbb6 Rd4 28. Rxc5 Rxe4 29. Rc7+ Kf8 30. Rbb7 Rf4 31. Kg2 g5 32. Rc5 h6
33. Rb6 Rd8 34. Rxh6 Rd2 35. Rxg5 Rfxf2+ 36. Kg1 Rxc2 37. Rxa6 Rxa2 1/2-1/2

[Event "4NCL Division Three Knights"]
[Site "Warwick, ENG"]
[Date "2024.02.10"]
[Round "5.25"]
[White "Foley, John P"]
[Black "Vleeshhouwer, Douglas"]
[Result "1/2-1/2"]
[WhiteElo "1951"]
[BlackElo "1973"]
[PlyCount "69"]
[EventDate "2024.02.10"]
[WhiteTeam "CSC/Kingston 2"]
[BlackTeam "Hull & East Riding Tigers"]

1. Nf3 d5 2. d4 Nf6 3. Bf4 c6 4. e3 Qb6 5. b3 Bf5 6. Be2 e6 7. O-O Be7 8. Nbd2
Nbd7 9. c4 O-O 10. Nh4 Be4 11. f3 Bg6 12. Nxg6 hxg6 13. c5 Qd8 14. Bg5 e5 15.
b4 exd4 16. exd4 a6 17. Bd3 Re8 18. Re1 Nf8 19. Nb3 Ne6 20. Bd2 Qd7 21. Qc2 Nh5
22. g3 Bf6 23. Bc3 Ng5 24. Qg2 Rxe1+ 25. Rxe1 Re8 26. Rxe8+ Qxe8 27. Qe2 Qd7
28. Bd2 Ne6 29. Be3 g5 30. Bf5 g6 31. Bg4 Nhg7 32. Qd2 Nf5 33. Bf2 Bd8 34. Kg2
Nfg7 35. Bxe6 1/2-1/2

[Event "4NCL Division Three Knights"]
[Site "Warwick, ENG"]
[Date "2024.02.10"]
[Round "5.26"]
[White "Collinson, Mark I"]
[Black "Sparkes, Daniel A"]
[Result "1/2-1/2"]
[WhiteElo "1924"]
[BlackElo "1967"]
[PlyCount "123"]
[EventDate "2024.02.10"]
[WhiteTeam "Hull & East Riding Tigers"]
[BlackTeam "CSC/Kingston 2"]

1. d4 d5 2. c4 e6 3. Nf3 Nf6 4. g3 Be7 5. Bg2 O-O 6. O-O c5 7. cxd5 exd5 8. Nc3
Nc6 9. Bg5 cxd4 10. Nxd4 Nxd4 11. Qxd4 Be6 12. Rac1 Qa5 13. b4 Bxb4 14. Bxf6
gxf6 15. Nxd5 Bxd5 16. Bxd5 Rad8 17. Qg4+ Kh8 18. Bxb7 Rd2 19. Qh4 Bc3 20. Be4
f5 21. Bxf5 Qxf5 22. Rxc3 Rxe2 23. Qd4+ Qe5 24. Qxe5+ Rxe5 25. Rb1 Ra5 26. a3
Kg7 27. Rb7 Kg6 28. h4 h5 29. Kg2 f6 30. Rcc7 Rxa3 31. Rg7+ Kf5 32. Rb5+ Ke6
33. Rxh5 Ra8 34. Rhh7 a5 35. g4 Rb8 36. Re7+ Kd6 37. Rd7+ Kc5 38. Rdf7 Rb4 39.
Rh5+ Kd6 40. Rxf6+ Ke7 41. Rg6 Rf4 42. Rh7+ Kf8 43. Ra6 Rxg4+ 44. Kf1 Kg8 45.
Rc7 Rf3 46. Ra8+ Rf8 47. Rxa5 Rxh4 48. Rg5+ Kh8 49. Rcg7 Rh2 50. Rg2 Rh1+ 51.
Rg1 Rh6 52. R7g4 Rf7 53. f4 Rhf6 54. Rh1+ Rh7 55. Rhg1 Rhf7 56. Ke2 Rh6 57. Kf3
Kh7 58. R1g3 Rh5 59. Rg5 Rxg5 60. Rxg5 Rg7 61. Kg4 Rxg5+ 62. Kxg5 1/2-1/2

[Event "4NCL Division Three Knights"]
[Site "Warwick, ENG"]
[Date "2024.02.10"]
[Round "5.31"]
[White "Quinn, John M"]
[Black "Cooksey, Paul S"]
[Result "0-1"]
[WhiteElo "2091"]
[BlackElo "2249"]
[PlyCount "72"]
[EventDate "2024.02.10"]
[WhiteTeam "Celtic Tigers 2"]
[BlackTeam "Crowthorne A"]

1. d4 d5 2. c4 c6 3. Nf3 Nf6 4. Nc3 dxc4 5. a4 Bf5 6. e3 e6 7. Bxc4 Bb4 8. O-O
O-O 9. Qe2 Ne4 10. Nxe4 Bxe4 11. Nd2 Bg6 12. Nf3 Nd7 13. e4 Nf6 14. Bd3 Be7 15.
Rd1 Qc7 16. e5 Nd5 17. h4 Rad8 18. Bxg6 fxg6 19. Bg5 Rf5 20. Bxe7 Qxe7 21. Ra3
Rdf8 22. Qc4 Rxf3 23. Rxf3 Rxf3 24. gxf3 Qxh4 25. Kf1 h5 26. Ke1 Nf4 27. Qb3
Kh7 28. a5 b5 29. axb6 axb6 30. Rc1 Qg5 31. Kd1 h4 32. Qxb6 h3 33. Kd2 h2 34.
Rh1 Qg2 35. Rxh2+ Qxh2 36. Qxc6 Qxf2+ 0-1

[Event "4NCL Division Three Knights"]
[Site "Warwick, ENG"]
[Date "2024.02.10"]
[Round "5.32"]
[White "Thompson, Ian D"]
[Black "Franco, Gaston"]
[Result "1/2-1/2"]
[WhiteElo "2145"]
[BlackElo "2036"]
[PlyCount "42"]
[EventDate "2024.02.10"]
[WhiteTeam "Crowthorne A"]
[BlackTeam "Celtic Tigers 2"]

1. c4 e6 2. Nc3 d5 3. d4 Be7 4. Bf4 Nf6 5. e3 O-O 6. a3 Nbd7 7. Nb5 Ne8 8. Nf3
a6 9. Nc3 dxc4 10. Bxc4 b5 11. Ba2 Bb7 12. O-O Nef6 13. Rc1 c5 14. dxc5 Nxc5
15. Nd4 Rc8 16. Qe2 Qb6 17. b4 Nce4 18. Nxe4 Nxe4 19. Be5 Bf6 20. Bxf6 Nxf6 21.
Qb2 Bd5 1/2-1/2

[Event "4NCL Division Three Knights"]
[Site "Warwick, ENG"]
[Date "2024.02.10"]
[Round "5.33"]
[White "Serbanescu, Diana-Maria"]
[Black "Webb, Richard M"]
[Result "1/2-1/2"]
[WhiteElo "2020"]
[BlackElo "2149"]
[PlyCount "56"]
[EventDate "2024.02.10"]
[WhiteTeam "Celtic Tigers 2"]
[BlackTeam "Crowthorne A"]

1. e4 c5 2. c3 Nf6 3. e5 Nd5 4. d4 cxd4 5. Nf3 Nc6 6. cxd4 d6 7. Bc4 Nb6 8. Bb3
dxe5 9. d5 Na5 10. Nc3 Nxb3 11. Qxb3 e6 12. Nxe5 Bd6 13. Qb5+ Kf8 14. Nf3 exd5
15. O-O Be6 16. Re1 Qd7 17. Qd3 Kg8 18. Nd4 Re8 19. Bg5 h6 20. Bh4 g5 21. Bg3
Bxg3 22. Qxg3 f6 23. Nxe6 Rxe6 24. Rxe6 Qxe6 25. Qb8+ Kg7 26. Qxb7+ Qf7 27. Qc6
Rc8 28. Qd6 Nc4 1/2-1/2

[Event "4NCL Division Three Knights"]
[Site "Warwick, ENG"]
[Date "2024.02.10"]
[Round "5.34"]
[White "Noyce, Robert C"]
[Black "Pedersen, Carsten"]
[Result "1-0"]
[WhiteElo "2128"]
[BlackElo "2052"]
[PlyCount "135"]
[EventDate "2024.02.10"]
[WhiteTeam "Crowthorne A"]
[BlackTeam "Celtic Tigers 2"]

1. e4 e6 2. d3 c5 3. Nd2 Nc6 4. g3 g6 5. Bg2 Bg7 6. f4 d6 7. Nh3 Nge7 8. O-O
O-O 9. a4 b6 10. Nf2 Qc7 11. Nf3 Ba6 12. Re1 Rad8 13. Rb1 Bc8 14. c3 e5 15. Qc2
h6 16. Be3 d5 17. fxe5 Nxe5 18. Nxe5 Bxe5 19. Bxh6 Rfe8 20. Rbd1 d4 21. Bh3
Bxh3 22. Nxh3 Nc6 23. Bf4 Qd7 24. Kg2 Bg7 25. Ng5 Qe7 26. Nf3 Be5 27. Nxe5 Nxe5
28. Bxe5 Qxe5 29. c4 Kg7 30. Rf1 Rd7 31. Rf3 Re6 32. Rdf1 f6 33. Qd2 a5 34. Qf4
Qxf4 35. Rxf4 Rdd6 36. h4 Re5 37. g4 Rde6 38. Kg3 Rd6 39. Rh1 Rde6 40. h5 Rg5
41. hxg6 Rxg6 42. Rf5 Rg5 43. Rh5 Rxf5 44. Rxf5 Kg6 45. Kf4 Kg7 46. g5 fxg5+
47. Rxg5+ Kf7 48. e5 Rh6 49. Kf5 Rh3 50. e6+ Kf8 51. Ke5 Rxd3 52. Kd6 Re3 53.
Rh5 d3 54. Kd7 d2 55. Rf5+ Kg7 56. Rd5 Re2 57. b3 Kf8 58. Rd6 Kg7 59. e7 Kf7
60. e8=Q+ Rxe8 61. Rxd2 Re3 62. Rf2+ Kg6 63. Rb2 Kf5 64. Kc7 Ke4 65. Kxb6 Kd4
66. Kxa5 Kc3 67. Rh2 Kxb3 68. Kb5 1-0

[Event "4NCL Division Three Knights"]
[Site "Warwick, ENG"]
[Date "2024.02.10"]
[Round "5.35"]
[White "Stevenson, James"]
[Black "Duckers, Harvey L"]
[Result "1-0"]
[WhiteElo "1992"]
[BlackElo "1983"]
[PlyCount "65"]
[EventDate "2024.02.10"]
[WhiteTeam "Celtic Tigers 2"]
[BlackTeam "Crowthorne A"]

1. d4 Nf6 2. Bg5 d5 3. Bxf6 gxf6 4. e3 c6 5. c4 Nd7 6. Nc3 dxc4 7. Bxc4 Nb6 8.
Bb3 Bg7 9. Qf3 a5 10. a3 a4 11. Ba2 Ra5 12. Nge2 h5 13. h3 h4 14. Rd1 Rf5 15.
Qe4 e6 16. Nf4 Kf8 17. Nd3 Nd5 18. Rc1 Qa5 19. O-O Ke7 20. Nc5 Nxc3 21. Rxc3 b6
22. Nd3 Bd7 23. Nb4 c5 24. Nc6+ Bxc6 25. Qxc6 Rd8 26. Rfc1 Rd6 27. Qe4 Qb5 28.
R1c2 Rd7 29. Qxh4 cxd4 30. exd4 Rh5 31. Qf4 Bh6 32. Qb8 Rf5 33. Rc8 1-0

[Event "4NCL Division Three Knights"]
[Site "Warwick, ENG"]
[Date "2024.02.10"]
[Round "5.36"]
[White "Purdon, Colin"]
[Black "Bryant, Harry"]
[Result "1/2-1/2"]
[WhiteElo "1952"]
[BlackElo "1969"]
[PlyCount "43"]
[EventDate "2024.02.10"]
[WhiteTeam "Crowthorne A"]
[BlackTeam "Celtic Tigers 2"]

1. d4 Nf6 2. c4 g6 3. Nc3 d5 4. cxd5 Nxd5 5. e4 Nxc3 6. bxc3 Bg7 7. Bc4 c5 8.
Ne2 O-O 9. Be3 Nc6 10. h4 Qa5 11. Kf1 Rd8 12. Qb3 cxd4 13. Bxf7+ Kf8 14. cxd4
Nxd4 15. Nxd4 Bxd4 16. Bh6+ Bg7 17. Bxg7+ Kxg7 18. Bd5 e6 19. Bxe6 Qe5 20. Bxc8
Qxa1+ 21. Ke2 Qxh1 22. Qc3+ 1/2-1/2

[Event "4NCL Division Three Knights"]
[Site "Warwick, ENG"]
[Date "2024.02.10"]
[Round "5.41"]
[White "Gilmore, Simon N"]
[Black "Stubbs, Oliver"]
[Result "0-1"]
[WhiteElo "2065"]
[BlackElo "2212"]
[PlyCount "72"]
[EventDate "2024.02.10"]
[WhiteTeam "Iceni 1"]
[BlackTeam "Poole Patzers"]

1. e4 e6 2. d4 d5 3. Nc3 Nf6 4. e5 Nfd7 5. Nce2 c5 6. c3 Nc6 7. Nf3 Be7 8. Be3
O-O 9. Nf4 Qa5 10. a3 Nxd4 11. Nxd4 cxd4 12. Bxd4 Qc7 13. Nd3 f6 14. Qg4 Nxe5
15. Nxe5 fxe5 16. Be3 e4 17. Be2 Bd7 18. O-O Rf6 19. f3 e5 20. Qg3 Rg6 21. Qe1
Bh3 22. Rf2 Bh4 23. g3 d4 24. cxd4 exd4 25. Rc1 Qd6 26. Bc4+ Kh8 27. Rd2 Bxg3
28. hxg3 Qxg3+ 29. Qxg3 Rxg3+ 30. Kh2 dxe3 31. Rdc2 Rxf3 32. Be2 Bg4 33. Bxf3
exf3 34. Kg3 h5 35. Rc7 Rf8 36. Re7 f2 0-1

[Event "4NCL Division Three Knights"]
[Site "Warwick, ENG"]
[Date "2024.02.10"]
[Round "5.42"]
[White "Waddington, Mike P"]
[Black "Gimenez Menchon, Cesar"]
[Result "1/2-1/2"]
[WhiteElo "2103"]
[BlackElo "2090"]
[PlyCount "53"]
[EventDate "2024.02.10"]
[WhiteTeam "Poole Patzers"]
[BlackTeam "Iceni 1"]

1. e4 d6 2. d4 Nf6 3. Nc3 e5 4. Nf3 Nbd7 5. g3 Be7 6. Bg2 O-O 7. O-O c6 8. a4
Re8 9. a5 Qc7 10. Nh4 Bf8 11. Nf5 Rb8 12. Bg5 h6 13. Be3 b5 14. axb6 axb6 15.
f4 b5 16. d5 b4 17. dxc6 bxc3 18. cxd7 Nxd7 19. b3 Nc5 20. fxe5 dxe5 21. Qh5
Ne6 22. Kh1 Rb7 23. Ra4 Rd8 24. Rc4 Qa5 25. Ra4 Qc7 26. Rc4 Qa5 27. Ra4 1/2-1/2

[Event "4NCL Division Three Knights"]
[Site "Warwick, ENG"]
[Date "2024.02.10"]
[Round "5.43"]
[White "Dunn, Maxim"]
[Black "Weatherlake, John P"]
[Result "1/2-1/2"]
[WhiteElo "2063"]
[BlackElo "2036"]
[PlyCount "96"]
[EventDate "2024.02.10"]
[WhiteTeam "Iceni 1"]
[BlackTeam "Poole Patzers"]

1. d4 Nf6 2. c4 g6 3. Nc3 d5 4. Bg5 Bg7 5. Bxf6 Bxf6 6. cxd5 c6 7. dxc6 Nxc6 8.
e3 O-O 9. Nf3 Qa5 10. Be2 e5 11. dxe5 Nxe5 12. O-O Rd8 13. Nd4 Nc6 14. Nxc6
bxc6 15. Qc2 Rb8 16. Rfd1 Rxd1+ 17. Rxd1 Be6 18. Bf3 Qb4 19. Bxc6 Qxb2 20. Qxb2
Rxb2 21. Nd5 Kg7 22. Nxf6 Kxf6 23. a4 Bb3 24. Ra1 Ke5 25. h4 Kd6 26. Be8 a5 27.
g4 Bd5 28. Rd1 Kc5 29. g5 Rb4 30. f4 Re4 31. Bb5 Rxe3 32. f5 Rh3 33. fxg6 hxg6
34. Kf2 Rxh4 35. Kg3 Rb4 36. Rc1+ Kd6 37. Rc8 Ke5 38. Rc7 Be6 39. Ra7 Rg4+ 40.
Kf3 Rxg5 41. Rxa5 Kd4 42. Ra7 Kc5 43. Be8 Bd5+ 44. Kf4 Rf5+ 45. Kg4 Kb6 46. Re7
Rf6 47. Bd7 Rf2 48. a5+ Kc5 1/2-1/2

[Event "4NCL Division Three Knights"]
[Site "Warwick, ENG"]
[Date "2024.02.10"]
[Round "5.44"]
[White "Fuller, David Michael"]
[Black "Hughes, Roy"]
[Result "1/2-1/2"]
[WhiteElo "1941"]
[BlackElo "2048"]
[PlyCount "147"]
[EventDate "2024.02.10"]
[WhiteTeam "Poole Patzers"]
[BlackTeam "Iceni 1"]

1. e4 d5 2. exd5 Qxd5 3. Nc3 Qd6 4. d4 Nf6 5. Nf3 c6 6. Ne5 Nbd7 7. Nc4 Qc7 8.
Qf3 Nb6 9. Bf4 Qd8 10. Ne5 Be6 11. Rd1 Nbd5 12. Bg3 g6 13. Be2 Bg7 14. O-O O-O
15. h3 Nxc3 16. Qxc3 Ne4 17. Qe3 Nxg3 18. fxg3 Qb6 19. b3 Rad8 20. c3 Qa5 21.
Rf2 Bxe5 22. Qxe5 Qxe5 23. dxe5 Rxd1+ 24. Bxd1 Rd8 25. Bc2 Rd5 26. Re2 Kf8 27.
Kf2 Ke8 28. c4 Rd4 29. Ke3 c5 30. Be4 b6 31. g4 h6 32. Rd2 Rxd2 33. Kxd2 g5 34.
Bc6+ Kd8 35. Ke3 Kc7 36. Be8 Kd8 37. Bc6 Bc8 38. Bd5 Ke8 39. a4 a5 40. Bc6+ Kf8
41. Be4 Kg7 42. Bf5 e6 43. Be4 f6 44. Bc6 f5 45. Kf3 Kf7 46. Ke3 Ke7 47. Kd3
Kd8 48. Ke3 Kc7 49. Bf3 Bd7 50. Be2 Be8 51. Bd3 Bg6 52. Ke2 Kd7 53. Kf2 Ke7 54.
Ke2 Kf7 55. Kf2 h5 56. gxh5 Bxh5 57. Be2 Bg6 58. Bd1 f4 59. g4 fxg3+ 60. Kxg3
Bf5 61. h4 Kg6 62. h5+ Kh6 63. Bg4 Bc2 64. Bxe6 Kxh5 65. Bf7+ Kh6 66. Kg4 Kg7
67. Be8 Kf8 68. Bb5 Ke7 69. Kxg5 Bxb3 70. Kf4 Bd1 71. Kg5 Bc2 72. Bc6 Bb3 73.
Bb5 Kf7 74. Kg4 1/2-1/2

[Event "4NCL Division Three Knights"]
[Site "Warwick, ENG"]
[Date "2024.02.10"]
[Round "5.45"]
[White "Calvert, D Ian"]
[Black "Smith, Richard"]
[Result "0-1"]
[WhiteElo "2002"]
[BlackElo "1911"]
[PlyCount "148"]
[EventDate "2024.02.10"]
[WhiteTeam "Iceni 1"]
[BlackTeam "Poole Patzers"]

1. b3 e5 2. Bb2 Nc6 3. e3 Nf6 4. Nf3 e4 5. Nd4 Ne7 6. c4 d5 7. d3 dxc4 8. dxc4
Ng6 9. Nc3 Be7 10. Be2 O-O 11. O-O Re8 12. f4 exf3 13. Bxf3 c6 14. Ne4 Nxe4 15.
Bxe4 Bf6 16. Qc2 Qe7 17. Bxg6 Qxe3+ 18. Kh1 hxg6 19. Nf3 Bf5 20. Qf2 Bd3 21.
Qxe3 Rxe3 22. Rf2 Bxb2 23. Rxb2 Rae8 24. h3 Bf5 25. Kh2 Re2 26. Rxe2 Rxe2 27.
Nd4 Rb2 28. Nxf5 gxf5 29. Kg3 g5 30. Kf3 Kg7 31. g3 Kg6 32. c5 Rc2 33. b4 a5
34. a3 axb4 35. axb4 Rb2 36. Ra4 Rb3+ 37. Kg2 Kf6 38. h4 gxh4 39. gxh4 Ke5 40.
Kf2 f4 41. Ra1 Rxb4 42. Rg1 Rb2+ 43. Kf3 Rb3+ 44. Kf2 Rh3 45. Rg7 Kf6 46. Rg4
Kf5 47. Rg7 Ke6 48. Rg4 Rc3 49. Rxf4 Rxc5 50. Kg3 b5 51. Re4+ Kf6 52. Rf4+ Kg6
53. Rg4+ Kh6 54. Rf4 Rc3+ 55. Kf2 Kg7 56. Rg4+ Kh6 57. Rf4 Kg6 58. h5+ Kxh5 59.
Rxf7 Kg6 60. Rb7 Kf5 61. Ke2 Ke4 62. Kd2 Kd4 63. Rb6 Rc5 64. Rb8 Kc4 65. Kc2
Rh5 66. Rg8 Rh2+ 67. Kb1 b4 68. Rg4+ Kb5 69. Rg5+ c5 70. Rg4 b3 71. Rf4 c4 72.
Rf5+ Kb4 73. Rf4 Ka3 74. Rf1 c3 0-1

[Event "4NCL Division Three Knights"]
[Site "Warwick, ENG"]
[Date "2024.02.10"]
[Round "5.46"]
[White "Clancy, Martin J"]
[Black "Wasilak, Piotr"]
[Result "0-1"]
[WhiteElo "1821"]
[BlackElo "1956"]
[PlyCount "164"]
[EventDate "2024.02.10"]
[WhiteTeam "Poole Patzers"]
[BlackTeam "Iceni 1"]

1. e4 e6 2. d3 d5 3. Nd2 Nf6 4. g3 b6 5. e5 Nfd7 6. Ngf3 c5 7. Bg2 Qc7 8. Qe2
Nc6 9. c4 Ndxe5 10. Nxe5 Qxe5 11. cxd5 Qxe2+ 12. Kxe2 Nd4+ 13. Kf1 exd5 14.
Bxd5 Bh3+ 15. Bg2 Bxg2+ 16. Kxg2 O-O-O 17. Nc4 Nc6 18. Bf4 b5 19. Na3 a6 20.
Rhd1 Nb4 21. d4 c4 22. Rd2 Nd5 23. Be3 Bb4 24. Rc2 Rhe8 25. Kf3 Kd7 26. Nb1 Rc8
27. Nc3 Bxc3 28. bxc3 Nb6 29. Rd1 Nd5 30. Rb1 Kc6 31. Bd2 Nb6 32. Re1 Rxe1 33.
Bxe1 Re8 34. Re2 Rxe2 35. Kxe2 Nd5 36. Kd1 Kb6 37. Kc2 Ka5 38. a3 Kb6 39. Bd2
Kc6 40. Kb2 Kd6 41. a4 Ke6 42. axb5 axb5 43. Kc2 Kf5 44. f3 h5 45. h3 Ke6 46.
Kb2 Ne7 47. Ka3 Nc6 48. Be3 Kd5 49. Bf2 Ne7 50. Kb4 Kc6 51. Ka3 Nd5 52. Kb2 g6
53. Kc2 Kd6 54. Kd2 Ke6 55. Be1 Kf5 56. Ke2 Ke6 57. Kd2 f6 58. Ke2 Nc7 59. Bd2
Kd5 60. Bc1 Ne6 61. Ba3 Ng5 62. h4 Ne6 63. Be7 f5 64. Ke3 Kc6 65. Ba3 Kd5 66.
Be7 Nc7 67. Ba3 Ke6 68. Bf8 Nd5+ 69. Kd2 Kd7 70. Bh6 Kc6 71. Kc2 Kb6 72. Bd2
Ka5 73. Kb2 Ka4 74. Kc2 Ka3 75. Bc1+ Ka4 76. Bd2 Ka5 77. Kb2 Kb6 78. Kc2 Kc6
79. Kd1 b4 80. cxb4 c3 81. Be1 Kb5 82. Kc2 Kxb4 0-1

[Event "4NCL Division Three Knights"]
[Site "Warwick, ENG"]
[Date "2024.02.10"]
[Round "5.51"]
[White "Miller, Dominic"]
[Black "Wilson, Jaimie"]
[Result "0-1"]
[WhiteElo "2107"]
[BlackElo "2105"]
[PlyCount "60"]
[EventDate "2024.02.10"]
[WhiteTeam "Sussex Martlets 2"]
[BlackTeam "Wessex A"]

1. e4 e5 2. Nf3 Nc6 3. Bb5 a6 4. Ba4 Nf6 5. O-O Be7 6. Re1 b5 7. Bb3 d6 8. c3
O-O 9. h3 Nb8 10. d4 Nbd7 11. c4 Bb7 12. Nc3 c6 13. a3 Re8 14. Be3 Bf8 15. dxe5
Nxe5 16. Nxe5 dxe5 17. Qf3 Qe7 18. Bg5 Rad8 19. Rac1 Rd7 20. Ne2 h6 21. cxb5
cxb5 22. Bxf6 Qxf6 23. Qxf6 gxf6 24. Nc3 Rd2 25. Bd5 Rb8 26. Bxb7 Rxb7 27. Nd5
Bg7 28. Rc8+ Kh7 29. Re3 f5 30. exf5 Rxd5 0-1

[Event "4NCL Division Three Knights"]
[Site "Warwick, ENG"]
[Date "2024.02.10"]
[Round "5.52"]
[White "McDougall, William"]
[Black "Hedger, Alec"]
[Result "0-1"]
[WhiteElo "2083"]
[BlackElo "2071"]
[PlyCount "86"]
[EventDate "2024.02.10"]
[WhiteTeam "Wessex A"]
[BlackTeam "Sussex Martlets 2"]

1. d4 d5 2. c4 e6 3. Nf3 c6 4. g3 dxc4 5. Bg2 b5 6. O-O Bb7 7. a4 Nf6 8. Ne5 a6
9. Nc3 Qb6 10. e4 Qd8 11. axb5 cxb5 12. d5 Bd6 13. Nc6 Nxc6 14. dxc6 Bxc6 15.
Qe2 Be5 16. Rd1 Qc8 17. f4 Bxc3 18. bxc3 O-O 19. Ba3 Re8 20. g4 Qb7 21. Re1 a5
22. g5 Nd7 23. Rab1 Qa7+ 24. Qf2 Qxf2+ 25. Kxf2 Nb6 26. Bc5 Na4 27. Bd4 Red8
28. Ke3 Nxc3 29. Ra1 b4 30. Rec1 Nb5 31. Rxc4 Nxd4 32. Rxd4 Rxd4 33. Kxd4 b3
34. Bf1 a4 35. Bc4 b2 36. Rb1 a3 37. Ba2 Rc8 38. Re1 Ba4 39. f5 Rc1 40. Re3 Ra1
41. Rc3 Kf8 42. f6 gxf6 43. gxf6 Rxa2 0-1

[Event "4NCL Division Three Knights"]
[Site "Warwick, ENG"]
[Date "2024.02.10"]
[Round "5.53"]
[White "Graham, William M"]
[Black "Lukosius, Rolandas"]
[Result "0-1"]
[WhiteElo "1940"]
[BlackElo "2063"]
[PlyCount "48"]
[EventDate "2024.02.10"]
[WhiteTeam "Sussex Martlets 2"]
[BlackTeam "Wessex A"]

1. c4 Nf6 2. g3 c5 3. Bg2 d5 4. cxd5 Nxd5 5. Nf3 Nc6 6. O-O e5 7. d3 Be7 8. Nc3
Nc7 9. Be3 O-O 10. Rc1 Bd7 11. Nd2 Rb8 12. Nb3 b6 13. f4 exf4 14. Bxf4 Bg5 15.
Nd5 Nxd5 16. Bxd5 Nb4 17. Bg2 Bc6 18. d4 Bxg2 19. Kxg2 Qd5+ 20. Kg1 Rbd8 21.
dxc5 Bxf4 22. gxf4 Qe4 23. Qe1 Nxa2 24. Ra1 Qe3+ 0-1

[Event "4NCL Division Three Knights"]
[Site "Warwick, ENG"]
[Date "2024.02.10"]
[Round "5.54"]
[White "Pleasants, Allan J"]
[Black "Blades, Kit"]
[Result "1/2-1/2"]
[WhiteElo "1994"]
[BlackElo "1950"]
[PlyCount "54"]
[EventDate "2024.02.10"]
[WhiteTeam "Wessex A"]
[BlackTeam "Sussex Martlets 2"]

1. Nf3 Nf6 2. c4 e6 3. Nc3 d5 4. e3 Be7 5. d4 O-O 6. Qc2 b6 7. cxd5 exd5 8. Ne5
Ng4 9. Nxg4 Bxg4 10. Bd3 g6 11. Bd2 c5 12. Nxd5 Qxd5 13. Be4 Qh5 14. Bxa8 cxd4
15. Qe4 dxe3 16. Bxe3 Qb5 17. Qxg4 Bb4+ 18. Kd1 Qd3+ 19. Kc1 f5 20. Qxb4 Rc8+
21. Qc3 Rxc3+ 22. bxc3 Qxc3+ 23. Kb1 f4 24. Bc1 Qd3+ 25. Kb2 Qd4+ 26. Kb1 Qd3+
27. Kb2 Qd4+ 1/2-1/2

[Event "4NCL Division Three Knights"]
[Site "Warwick, ENG"]
[Date "2024.02.10"]
[Round "5.55"]
[White "Honarvarmahalati, Hooman"]
[Black "De Coverly, Roger D"]
[Result "1/2-1/2"]
[WhiteElo "1858"]
[BlackElo "1934"]
[PlyCount "73"]
[EventDate "2024.02.10"]
[WhiteTeam "Sussex Martlets 2"]
[BlackTeam "Wessex A"]

1. Nf3 Nf6 2. c4 g6 3. Nc3 Bg7 4. g3 O-O 5. Bg2 d6 6. d4 Nc6 7. O-O e5 8. dxe5
Nxe5 9. Nxe5 dxe5 10. Qc2 c6 11. a4 a5 12. Bd2 Re8 13. Rad1 Qe7 14. h3 Nd7 15.
Be3 f5 16. Qd2 Nf8 17. Qd6 Qxd6 18. Rxd6 Ne6 19. Rd3 Nd4 20. Rb1 Be6 21. b3
Rad8 22. Bxd4 exd4 23. Na2 h5 24. Bf3 Rd7 25. Re1 f4 26. g4 hxg4 27. hxg4 c5
28. Nc1 Bf6 29. Kg2 Kg7 30. Rdd1 Rc7 31. Rh1 b6 32. Nd3 Bg5 33. Rh3 Rh8 34.
Rxh8 Kxh8 35. Ne5 Kg7 36. Rh1 Bc8 37. Nd3 1/2-1/2

[Event "4NCL Division Three Knights"]
[Site "Warwick, ENG"]
[Date "2024.02.10"]
[Round "5.56"]
[White "MacNeil, Elliott"]
[Black "Gray, Edward"]
[Result "1/2-1/2"]
[WhiteElo "1940"]
[BlackElo "1867"]
[PlyCount "165"]
[EventDate "2024.02.10"]
[WhiteTeam "Wessex A"]
[BlackTeam "Sussex Martlets 2"]

1. d4 Nf6 2. c4 c5 3. Nf3 g6 4. g3 cxd4 5. Nxd4 Bg7 6. Bg2 O-O 7. O-O Nc6 8.
Nc2 d6 9. Nc3 a6 10. b3 Bf5 11. Bb2 Ne4 12. Na4 Bxb2 13. Nxb2 Nc3 14. Qd2 Ne4
15. Qc1 Nf6 16. Nd3 Rc8 17. Ne3 Bd7 18. Nf4 b5 19. cxb5 axb5 20. Qb2 Qa5 21.
Ned5 Nxd5 22. Nxd5 Be6 23. Nf4 Bd7 24. Rac1 Rfe8 25. h4 h5 26. Nd5 Be6 27. Rxc6
Rxc6 28. Nxe7+ Rxe7 29. Bxc6 Rc7 30. Bf3 Ra7 31. a4 bxa4 32. bxa4 Qxa4 33. Qb8+
Kh7 34. Qxd6 Rd7 35. Qe5 Rd1 36. Rxd1 Qxd1+ 37. Kg2 Qd7 38. Qe4 Qd6 39. Kh2 Qc5
40. Kg2 Qd6 41. Qc6 Qd4 42. e3 Qe5 43. Qe4 Qd6 44. Qd4 Qc7 45. Be4 Qe7 46. Kh2
Qc7 47. Qf6 Qd7 48. Qg5 Bg4 49. Qd5 Qxd5 50. Bxd5 Kg7 51. f3 Bd7 52. Kg2 Kf6
53. Kf2 Bb5 54. e4 Bd7 55. Ke3 Bc8 56. Kd4 Bd7 57. Kc5 Ke7 58. f4 Bg4 59. Kd4
Kf6 60. Bc4 Bc8 61. Kc5 Ke7 62. Kd5 Be6+ 63. Kd4 Bd7 64. Ke5 Bg4 65. Bf1 Bd7
66. Be2 Be6 67. f5 gxf5 68. exf5 f6+ 69. Ke4 Bf7 70. Kd4 Be8 71. Bc4 Ba4 72.
Be2 Be8 73. Kd5 Bf7+ 74. Kc6 Be8+ 75. Kc7 Bf7 76. g4 hxg4 77. Bxg4 Bb3 78. Bh5
Bc2 79. Bg6 Kf8 80. Kd7 Kg7 81. Ke7 Kh8 82. Kf8 Bxf5 83. Bxf5 1/2-1/2

[Event "4NCL Division Three Knights"]
[Site "Warwick, ENG"]
[Date "2024.02.10"]
[Round "5.61"]
[White "Seymour, Timothy P"]
[Black "Lambourne, Dan M"]
[Result "1-0"]
[WhiteElo "2216"]
[BlackElo "2086"]
[PlyCount "161"]
[EventDate "2024.02.10"]
[WhiteTeam "Surbiton"]
[BlackTeam "MK Phoenix"]

1. Nf3 d5 2. e3 Nf6 3. c4 c6 4. Nc3 g6 5. d4 Bg7 6. Be2 O-O 7. O-O e6 8. b3 Re8 9. Bb2 Nbd7 10. Qc2 b6 11. Rad1 Bb7 12. Rfe1 Rc8 13. e4 Nxe4 14. Nxe4 dxe4 15. Qxe4 Qc7 16. Qb1 Rcd8 17. Bf1 Nf8 18. c5 bxc5 19. dxc5 Rxd1 20. Rxd1 Rd8 21. Bxg7 Kxg7 22. Qb2+ f6 23. Re1 Bc8 24. Bc4 Qa5 25. b4 Qa4 26. h4 a5 27. a3 axb4 28. axb4 Qa8 29. g3 Qb7 30. Kg2 Re8 31. Ng5 e5 32. Nf7 Qd7 33. Qc1 Qh3+ 34. Kg1 Be6 35. Nd6 Re7 36. Bf1 Qg4 37. Re4 Qf3 38. Re3 Qg4 39. Re4 Qf3 40. Bg2 Qd3 41. Re3 Qd4 42. Qb1 Ra7 43. Re1 Ra2 44. Rf1 Ra4 45. Qe4 Qxe4 46. Bxe4 Rxb4 47. Bxc6 Nd7 48. Rc1 Rd4 49. Nb5 Rb4 50. Nc7 Kf7 51. Kg2 Nb8 52. Bb5 Bd5+ 53. Kf1 Bc6 54. Bc4+ Kf8 55. Ke2 Rb7 56. Nd5 Nd7 57. Ra1 Rb2+ 58. Ke3 Bxd5 59. Bxd5 Nxc5 60. Ra7 f5 61. Rf7+ Ke8 62. Rxh7 Rb6 63. Rg7 Rd6 64. Bc4 Kf8 65. Rf7+ Ke8 66. Rg7 Rf6 67. f3 Kf8 68. Ra7 Rd6 69. g4 Nd7 70. h5 gxh5 71. gxf5 Nf6 72. Be6 Ne8 73. Ke4 Rd4+ 74. Kxe5 Rh4 75. f6 Rh1 76. Rf7+ Kg8 77. Rg7+ Kh8 78. Rg8+ Kh7 79. Rxe8 Re1+ 80. Kf4 Kg6 81. Bf5+ 1-0